Kuliyat-e-Iqbal / (Record no. 32589)

000 -LEADER
fixed length control field 00478nam a22001817a 4500
003 - CONTROL NUMBER IDENTIFIER
control field NUST
038 ## - RECORD CONTENT LICENSOR
Staff Name khadija
082 ## - DEWEY DECIMAL CLASSIFICATION NUMBER
Classification number 891.4393
Author Mark IQB
100 ## - MAIN ENTRY--PERSONAL NAME
Personal name Allam Iqbal
9 (RLIN) 88896
245 ## - TITLE STATEMENT
Title Kuliyat-e-Iqbal /
Statement of responsibility, etc. Allama Iqbal
260 ## - PUBLICATION, DISTRIBUTION, ETC.
Place of publication, distribution, etc. Lahore
Name of publisher, distributor, etc. Khazeena Ilam o Adab
Date of publication, distribution, etc. 2006.
300 ## - PHYSICAL DESCRIPTION
Extent 702p. ;
Other physical details 20 cm.
500 ## - GENERAL NOTE
General note Hardcover.
563 ## - BINDING INFORMATION
Binding note HB
880 ## - ALTERNATE GRAPHIC REPRESENTATION
Linkage 100-01
Title علامہ اقبال
880 ## - ALTERNATE GRAPHIC REPRESENTATION
Linkage 245-02
Title کلیات اقبال
c علامہ اقبال
942 ## - ADDED ENTRY ELEMENTS (KOHA)
Koha item type Book
Source of classification or shelving scheme
Holdings
Withdrawn status Lost status Source of classification or shelving scheme Damaged status Not for loan Permanent Location Current Location Date acquired Total Checkouts Full call number Barcode Checked out Date last seen Date last checked out Price effective from Koha item type
          School of Mechanical & Manufacturing Engineering (SMME) School of Mechanical & Manufacturing Engineering (SMME) 10/06/2015 1 891.43931 IQB SMME-1395 08/29/2025 07/30/2025 07/30/2025 10/06/2015 Book
© 2023 Central Library, National University of Sciences and Technology. All Rights Reserved.